Core inflation
Saved in:
| Main Author: | |
|---|---|
| Format: | Book |
| Language: | English |
| Published: |
Englewood Cliffs
Prentice-Hall, Inc.
1981
|
| Subjects: | |
| Tags: |
No Tags, Be the first to tag this record!
|
MARC
| LEADER | 00000nam a2200000 4500 | ||
|---|---|---|---|
| 001 | c100596 | ||
| 005 | 20221207074458.0 | ||
| 020 | |a 0-13-172635-8 | ||
| 041 | 0 | |a eng | |
| 044 | |a US | ||
| 245 | 1 | 0 | |a Core inflation |c Otto Eckstein |
| 264 | 1 | |a Englewood Cliffs |b Prentice-Hall, Inc. |c 1981 | |
| 300 | |a 121 s. | ||
| 610 | 2 | 0 | |a inflácia |
| 610 | 2 | 0 | |a financie |
| 610 | 2 | 0 | |a dopyt |
| 610 | 2 | 0 | |a ponuka |
| 610 | 2 | 0 | |a modely ekonometrické |
| 610 | 2 | 0 | |a politika hospodárska |
| 610 | 2 | 0 | |a USA |
| 610 | 2 | 0 | |a štúdie prípadové |
| 100 | 1 | |a Eckstein, Otto | |